000 01257 a2200229 4500
003 Nust
005 20221020154208.0
010 _a 96043309
020 _a0792398149 (acid-free paper)
040 _cNust
082 0 0 _a006.3,ABE
100 1 _aAbe, Shigeo,
_9101028
245 1 0 _aNeural networks and fuzzy systems :
_btheory and applications /
_cShigeo Abe ; foreword by Anca Ralescu.
260 _aBoston :
_bKluwer Academic,
_cc1997.
300 _axvi, 258 p. :
_bill. ;
_c25 cm.
505 _aIntroduction (Page-xv),Overview of Neural Networks (Page-1),The Hopfield Networks (Page-7),Multilayered Networks (Page-45),Other Neural Networks (Page-93),Overview of Fuzzy Systems (Page-127),Fuzzy Rule Extraction for Pattern Classification form Numerical Data (Page-151),Fuzzy Rule Extraction for Function Approximation form Numerical Data (Page-199),Composite Systems (Page-209).Composite Systems (Page-209), References (Page-225).
650 0 _aFuzzy systems.
650 0 _aNeural networks (Computer science)
_918586
856 4 2 _3Publisher description
_uhttp://www.loc.gov/catdir/enhancements/fy0820/96043309-d.html
856 4 2 _3Table of contents only
_uhttp://www.loc.gov/catdir/enhancements/fy0820/96043309-t.html
942 _2ddc
_cBK
_k006.3,ABE
999 _c175284
_d175284